Autoevaluación universitaria: principios y mecanismos desde la experiencia

Сохранить в:
Библиографические подробности
Главные авторы: Silva, Moisés (Автор), Reich, Ricardo (Автор), Vásquez, Concepción (Автор)
Формат:
Язык:испанский
Опубликовано: París Columbus 2003
Серии:Manuales de Columbus
Предметы:
Метки: Добавить метку
Нет меток, Требуется 1-ая метка записи!

MARC

LEADER 00000nam a2200000 a 4500
001 UCG6722
003 CL-VaPUC
008 110512e20030000FR |||||||||||||||||spa|d
082 0 4 |a 378.1012  |b SIL  |2 21 
100 0 |a Silva, Moisés  |e author  |9 557069 
700 0 |a Reich, Ricardo  |e author  |9 557070 
700 0 |a Vásquez, Concepción  |e author  |9 557071 
245 1 0 |a Autoevaluación universitaria: principios y mecanismos desde la experiencia 
300 |a 190 p 
942 |c BK 
945 |d 20110512 00:00:00  |a jcampos 
260 |a París  |b Columbus  |c 2003 
650 0 |a Educación superior   |9 223851 
650 7 |a POLITICA UNIVERSITARIA  |2 CL-VaPUC  |9 545690 
650 7 |a DESARROLLO ESTRATEGICO  |2 CL-VaPUC  |9 545691 
650 0 |a Autoevaluación   |9 307807 
583 |a last modification  |c 20110512 00:00:00  |k Rodrigo Vera 
490 0 |a Manuales de Columbus 
999 |c 344868  |d 344866 
952 |0 0  |1 0  |2 ddc  |4 0  |6 378_101200000000000_SIL_2003  |7 0  |8 ED_SUP  |9 443210  |a BIBGIM  |b BIBGIM  |c S_PSTGRDO  |d 2019-11-22  |i 4776747  |o 378.1012 SIL 2003  |p 4776747  |r 2025-01-15  |w 2019-11-22  |y BK  |k ESU 
952 |0 0  |1 0  |2 ddc  |4 0  |6 378_101200000000000_SIL_2003  |7 0  |8 ED_SUP  |9 591883  |a BIBGIM  |b BIBGIM  |c S_PSTGRDO  |d 2023-10-05  |e Donación   |i 5658993  |o 378.1012 SIL 2003  |p 5658993  |r 2025-01-15  |t 2  |w 2023-10-05  |y BK  |k ESU